Remote sensing analysis of environmental resources for planning and development / (Record no. 533831)
[ view plain ]
| 000 -LEADER | |
|---|---|
| fixed length control field | 01549cam a2200385 a 4500 |
| 001 - CONTROL NUMBER | |
| control field | 2611528 |
| 003 - CONTROL NUMBER IDENTIFIER | |
| control field | NUST |
| 005 - DATE AND TIME OF LATEST TRANSACTION | |
| control field | 20200122095025.0 |
| 008 - FIXED-LENGTH DATA ELEMENTS--GENERAL INFORMATION | |
| fixed length control field | 970515s1997 ii abf b 001 0 eng |
| 010 ## - LIBRARY OF CONGRESS CONTROL NUMBER | |
| LC control number | 97900701 |
| 020 ## - INTERNATIONAL STANDARD BOOK NUMBER | |
| International Standard Book Number | 8170248086 |
| 025 ## - OVERSEAS ACQUISITION NUMBER | |
| Overseas acquisition number | I-E-97-900701; 49-31; 65-31 |
| 038 ## - RECORD CONTENT LICENSOR | |
| Staff Name | Muhammad Ibrahim |
| 040 ## - CATALOGING SOURCE | |
| Original cataloging agency | DLC |
| Transcribing agency | DLC |
| Modifying agency | DLC |
| 042 ## - AUTHENTICATION CODE | |
| Authentication code | lcode |
| 043 ## - GEOGRAPHIC AREA CODE | |
| Geographic area code | a-ii--- |
| 050 04 - LIBRARY OF CONGRESS CALL NUMBER | |
| Classification number | G70.5.I4 |
| Item number | P67 1997 |
| 082 00 - DEWEY DECIMAL CLASSIFICATION NUMBER | |
| Classification number | 621.367809542 |
| Edition number | 21 |
| Author Mark | POR 1997 |
| 100 1# - MAIN ENTRY--PERSONAL NAME | |
| Personal name | Porwal, M. C. |
| Fuller form of name | (Mahesh Chandra) |
| 9 (RLIN) | 27843 |
| 245 10 - TITLE STATEMENT | |
| Title | Remote sensing analysis of environmental resources for planning and development / |
| Statement of responsibility, etc. | by M.C. Porwal. |
| 260 ## - PUBLICATION, DISTRIBUTION, ETC. | |
| Place of publication, distribution, etc. | New Delhi : |
| Name of publisher, distributor, etc. | APH Pub. Corp., |
| Date of publication, distribution, etc. | 1997. |
| 300 ## - PHYSICAL DESCRIPTION | |
| Extent | xxi, 302 p., 29 p. of plates : |
| Other physical details | ill., maps ; |
| Dimensions | 22 cm. |
| 504 ## - BIBLIOGRAPHY, ETC. NOTE | |
| Bibliography, etc. note | Includes bibliographical references (p. [289]-299) and index. |
| 520 ## - SUMMARY, ETC. | |
| Summary, etc. | Study of Siwalik Bhabar Region in Uttar Pradesh, India. |
| 650 #0 - SUBJECT ADDED ENTRY--TOPICAL TERM | |
| Topical term or geographic name entry element | Remote sensing |
| Geographic subdivision | India |
| -- | Uttar Pradesh. |
| 9 (RLIN) | 27844 |
| 650 #0 - SUBJECT ADDED ENTRY--TOPICAL TERM | |
| Topical term or geographic name entry element | Environmental monitoring |
| Geographic subdivision | India |
| -- | Uttar Pradesh. |
| 9 (RLIN) | 27845 |
| 650 #0 - SUBJECT ADDED ENTRY--TOPICAL TERM | |
| Topical term or geographic name entry element | Environmental mapping |
| Geographic subdivision | India |
| -- | Uttar Pradesh. |
| 9 (RLIN) | 27846 |
| 650 #0 - SUBJECT ADDED ENTRY--TOPICAL TERM | |
| Topical term or geographic name entry element | Environmental protection |
| Geographic subdivision | India |
| -- | Uttar Pradesh |
| General subdivision | Maps. |
| 9 (RLIN) | 27847 |
| 650 #0 - SUBJECT ADDED ENTRY--TOPICAL TERM | |
| Topical term or geographic name entry element | Natural resources surveys |
| Geographic subdivision | India |
| -- | Uttar Pradesh. |
| 9 (RLIN) | 27848 |
| 650 #0 - SUBJECT ADDED ENTRY--TOPICAL TERM | |
| Topical term or geographic name entry element | Regional planning |
| Geographic subdivision | India |
| -- | Uttar Pradesh. |
| 9 (RLIN) | 27849 |
| 650 #0 - SUBJECT ADDED ENTRY--TOPICAL TERM | |
| Topical term or geographic name entry element | Sustainable development |
| Geographic subdivision | India |
| -- | Uttar Pradesh. |
| 9 (RLIN) | 27850 |
| 906 ## - LOCAL DATA ELEMENT F, LDF (RLIN) | |
| a | 7 |
| b | cbc |
| c | origode |
| d | 3 |
| e | ncip |
| f | 19 |
| g | y-gencatlg |
| 942 ## - ADDED ENTRY ELEMENTS (KOHA) | |
| Source of classification or shelving scheme | |
| Koha item type | Book |
| Withdrawn status | Lost status | Source of classification or shelving scheme | Damaged status | Not for loan | Permanent Location | Current Location | Shelving location | Date acquired | Total Checkouts | Full call number | Barcode | Date last seen | Price effective from | Koha item type |
|---|---|---|---|---|---|---|---|---|---|---|---|---|---|---|
| Centre for International Peace & Stability (CIPS) | Centre for International Peace & Stability (CIPS) | General Stacks | 01/22/2020 | 621.367809542 POR 1997 | CIPSD0000580 | 01/22/2020 | 01/22/2020 | Book |
